| 000 | 00425 a2200145 4500 | ||
|---|---|---|---|
| 999 |
_c324890 _d324890 |
||
| 001 | 89817 | ||
| 003 | NUST | ||
| 005 | 20180120153213.0 | ||
| 008 | 180120b xxu||||| |||| 00| 0 eng d | ||
| 082 | _a869.342 COE | ||
| 100 |
_aCoelho Paulo ; Margaret Jull Costa, translator _99280 |
||
| 245 | _aBrida ; translated from the Portuguese by Margaret Jull Costa | ||
| 260 |
_aUK _bHarper Collins Publishers _c2009 |
||
| 300 | _aiv, 272 p. | ||
| 500 | _aGeneral Books | ||
| 740 | _aenglish novel | ||
| 942 |
_aCAE NUST _cBK _k869.342 COE _2ddc |
||